000 00773nam a2200217Ia 4500
001 1158
003 GE_BSU
008 181216s||||||||xx |||||||||||||| ||und||
020 _a99928434908
040 _cGE_BSU
080 _a634
100 _aკონცელიძე,გული
245 _aლიმონ მეიერის გამორჩეული ფორმების შესწავლა ჭარის პირობებში.
260 _aბათუმი
260 _bალიონი
260 _c2009
300 _a98 გვ. 20 სვ.
541 _h5ლ.
653 _aლიმონ მეიერის ფორმების შესწავლა აჭარის პირობებში
942 _cBK
999 _c35307
_d35307